[Event "Potiguar-ch Classes"]
[Site "Natal"]
[Date "2019.09.07"]
[Round "2"]
[White "De Oliveira, Moises Alves Leite"]
[Black "Da Silva, Gerson Lennon Cabra"]
[Result "1-0"]
[WhiteElo "1782"]
[BlackElo "1436"]
[PlyCount "62"]
[EventDate "2019.09.07"]
[EventType "swiss"]
[EventRounds "5"]
[EventCountry "BRA"]
[SourceTitle "EXT 2021"]
[Source "ChessBase"]
[SourceDate "2020.10.23"]
[SourceVersion "1"]
[SourceVersionDate "2020.10.23"]
[SourceQuality "1"]

1. e4 c6 2. d4 d5 3. Nc3 dxe4 4. Nxe4 Bf5 5. Ng3 Bg6 6. h4 h6 7. Nf3 e6 8. Ne5 Bh7 9. c3 Nd7 10. Nxd7 Qxd7 11. Bd3 Bxd3 12. Qxd3 Nf6 13. Be3 Bd6 14. 0-0-0 Ng4 15. Ne4 Nxe3 16. Nxd6+ Qxd6 17. fxe3 Qg3 18. e4 Qxd3 19. Rxd3 0-0 20. g4 f5 21. gxf5 exf5 22. e5 f4 23. Rf3 Rae8 24. Kd2 Rf5 25. Kd3 g5 26. Rg1 Kf7 27. Ke4 Ke6 28. c4 Rd8 29. Rd1 Rff8 30. d5+ cxd5+ 31. cxd5+ Kf7 1-0

[Event "Natal Potiguar op"]
[Site "Natal"]
[Date "2016.07.02"]
[Round "4"]
[White "De Menezes, Ricardo Fagner Dias"]
[Black "De Oliveira, Moises Alves Leite"]
[Result "1-0"]
[WhiteElo "1580"]
[BlackElo "1710"]
[PlyCount "91"]
[EventDate "2016.07.01"]
[EventType "swiss"]
[EventRounds "6"]
[EventCountry "BRA"]
[SourceTitle "EXT 2017"]
[Source "ChessBase"]
[SourceDate "2016.10.25"]
[SourceVersion "1"]
[SourceVersionDate "2016.10.25"]
[SourceQuality "1"]

1. Nf3 d5 2. g3 c5 3. Bg2 Nc6 4. d3 e5 5. 0-0 Nf6 6. Re1 Be7 7. h4 h6 8. Nbd2 Bf5 9. Nh2 0-0 10. e4 Be6 11. c3 Qc7 12. Qe2 d4 13. c4 Rad8 14. Ndf1 a5 15. f4 Bd6 16. f5 Bd7 17. Ng4 Nh7 18. Ngh2 Kh8 19. g4 Be7 20. Nf3 Be8 21. Qf2 Nb4 22. Qe2 Nf6 23. N1h2 h5 24. Ng5 g6 25. Bf3 hxg4 26. Nxg4 Qd6 27. a3 Nc6 28. Nxf6 Qxf6 29. Bg4 Bd7 30. Rf1 Qg7 31. Kh1 f6 32. Nh3 Bd6 33. Bd2 b6 34. Rf2 Ne7 35. Raf1 gxf5 36. Bxf5 Nxf5 37. exf5 Bc6+ 38. Kh2 e4+ 39. Bf4 exd3 40. Qxd3 Qg4 41. Rg1 Qxh4 42. Bxd6 Rxd6 43. Rf4 Qh6 44. Qg3 Be8 45. Rh4 Bh5 46. Rxh5 1-0

[Event "Natal Potiguar op"]
[Site "Natal"]
[Date "2016.07.02"]
[Round "3"]
[White "De Oliveira, Moises Alves Leite"]
[Black "Okamura, Milton Kasuo"]
[Result "0-1"]
[WhiteElo "1710"]
[BlackElo "2019"]
[PlyCount "65"]
[EventDate "2016.07.01"]
[EventType "swiss"]
[EventRounds "6"]
[EventCountry "BRA"]
[SourceTitle "EXT 2017"]
[Source "ChessBase"]
[SourceDate "2016.10.25"]
[SourceVersion "1"]
[SourceVersionDate "2016.10.25"]
[SourceQuality "1"]

1. e4 e5 2. Nf3 Nc6 3. Bc4 Bc5 4. c3 Nf6 5. d4 exd4 6. cxd4 Bb4+ 7. Kf1 0-0 8. e5 d5 9. exf6 dxc4 10. fxg7 Kxg7 11. Nc3 Bf5 12. Be3 a6 13. Qd2 Re8 14. h4 f6 15. g3 Qd7 16. Bh6+ Kh8 17. Qf4 Bd6 18. Qd2 Bg4 19. Ng1 Bh5 20. Nd5 Qf7 21. Nf4 Bg4 22. f3 Bd7 23. Nge2 Rad8 24. Rd1 Bc8 25. Kg2 b5 26. d5 Bc5 27. Nc3 Bb7 28. Ne6 Rxe6 29. Qc1 Ree8 30. Ne4 Bb4 31. Nxf6 Qxf6 32. Bg5 Re2+ 33. Kg1 0-1

[Event "Natal-ch"]
[Site "Natal"]
[Date "2016.02.08"]
[Round "5"]
[White "De Oliveira, Moises Alves Leite"]
[Black "De Andrade, Erastro Trajano"]
[Result "1-0"]
[WhiteElo "1673"]
[BlackElo "1937"]
[PlyCount "33"]
[EventDate "2016.02.06"]
[EventType "swiss"]
[EventRounds "6"]
[EventCountry "BRA"]
[SourceTitle "CBM 171 Extra"]
[Source "ChessBase"]
[SourceDate "2016.04.26"]
[SourceVersion "1"]
[SourceVersionDate "2016.04.26"]
[SourceQuality "1"]

1. e4 e5 2. Nf3 Nc6 3. Bc4 Bc5 4. c3 Nf6 5. d4 exd4 6. cxd4 Bb4+ 7. Kf1 Nxe4 8. d5 Ne7 9. Qd4 Nd6 10. Bb3 Ba5 11. Qxg7 Rg8 12. Qxh7 b6 13. Bg5 Ba6+ 14. Kg1 Rf8 15. Nc3 f6 16. Qh5+ Rf7 17. Bxf6 1-0

[Event "Natal-ch"]
[Site "Natal"]
[Date "2016.02.07"]
[Round "3"]
[White "De Oliveira, Moises Alves Leite"]
[Black "Baeta, Marcio Netto"]
[Result "0-1"]
[WhiteElo "1673"]
[BlackElo "1962"]
[PlyCount "52"]
[EventDate "2016.02.06"]
[EventType "swiss"]
[EventRounds "6"]
[EventCountry "BRA"]
[SourceTitle "CBM 171 Extra"]
[Source "ChessBase"]
[SourceDate "2016.04.26"]
[SourceVersion "1"]
[SourceVersionDate "2016.04.26"]
[SourceQuality "1"]

1. e4 Nf6 2. e5 Nd5 3. c4 Nb6 4. d4 d6 5. f4 dxe5 6. fxe5 c5 7. d5 e6 8. Nc3 exd5 9. cxd5 c4 10. a3 Bc5 11. Nf3 Bg4 12. Be2 0-0 13. Bf4 N8d7 14. Ne4 Re8 15. b4 cxb3 16. Bb5 Bxf3 17. Qxf3 b2 18. Rb1 Nxe5 19. Qb3 Ned7 20. Qd3 f5 21. Kd2 Rxe4 22. Qg3 Qf6 23. Bd3 Qd4 24. Kc2 Rxf4 25. Rhd1 Rf2+ 26. Kb3 Qa4+ 0-1

[Event "Natal Potiguar op 10th"]
[Site "Natal"]
[Date "2015.07.03"]
[Round "1"]
[White "Frankental, David"]
[Black "De Oliveira, Moises Alves Leite"]
[Result "1/2-1/2"]
[WhiteElo "1745"]
[BlackElo "1800"]
[PlyCount "100"]
[EventDate "2015.07.03"]
[EventType "swiss"]
[EventRounds "6"]
[EventCountry "BRA"]
[SourceTitle "CBM 167 Extra"]
[Source "ChessBase"]
[SourceDate "2015.09.14"]
[SourceVersion "1"]
[SourceVersionDate "2015.09.14"]
[SourceQuality "1"]

1. d4 d5 2. c4 e6 3. Nf3 Nf6 4. Bg5 Be7 5. e3 Nc6 6. cxd5 exd5 7. Bb5 Rb8 8. Bxc6+ bxc6 9. Qc2 0-0 10. Ne5 Bb7 11. Nxc6 Bxc6 12. Qxc6 Rxb2 13. Bxf6 Bb4+ 14. Kf1 Qxf6 15. Qxf6 gxf6 16. g3 Re8 17. a4 c6 18. h4 Re4 19. Rg1 f5 20. Rg2 Kg7 21. Kg1 Kg6 22. Na3 Kh5 23. Kh2 Bd6 24. Kh3 a5 25. Nb1 Rc2 26. Na3 Re2 27. Kh2 Rxh4+ 28. Kg1 Rh3 29. Kf1 Rb2 30. Nb1 Kg4 31. Nc3 Bb4 32. Nd1 Rd2 33. Rc1 Kf3 34. Rg1 Re2 35. Nc3 Bxc3 36. Rxc3 Rxf2+ 37. Ke1 Re2+ 38. Kd1 Kf2 39. Rg2+ Kxg2 40. Kxe2 Rxg3 41. Rxc6 h5 42. Rc5 h4 43. Rxd5 Rf3 44. Rd8 Rf2+ 45. Kd3 h3 46. Rg8+ Kf1 47. Rh8 h2 48. d5 Rb2 49. d6 Rb6 50. Rxh2 Rxd6+ 1/2-1/2